Derecho del trabajo /
שמור ב:
| מחבר ראשי: | |
|---|---|
| פורמט: | ספר |
| שפה: | ספרדית |
| יצא לאור: |
México :
UNAM : McGraw-Hill,
1997, c1997
|
| סדרה: | (Jurídica)
(Panorama del Derecho Mexicano) |
| נושאים: | |
| תגים: |
אין תגיות, היה/י הראשונ/ה לתייג את הרשומה!
|
MARC
| LEADER | 00000nam^a2200000^a^4500 | ||
|---|---|---|---|
| 001 | 000068760 | ||
| 005 | 20250521000000.0 | ||
| 009 | 20260310091339.409 | ||
| 020 | |a 970-10-1384-0 | ||
| 037 | |a Acervo ITESO - Biblioteca | ||
| 041 | |a ESP | ||
| 082 | |a 344. 7201 |b BAR | ||
| 100 | |a Barajas Montes de Oca, Santiago |e (autor) | ||
| 245 | 1 | 0 | |a Derecho del trabajo / |c S. Barajas Montes de Oca. |
| 264 | 4 | |a México : |b UNAM : |b McGraw-Hill, |c 1997, c1997 | |
| 300 | |a 89 p. | ||
| 336 | |a texto |b txt |2 rdacontenido | ||
| 337 | |a sin mediación |b n |2 rdamedio | ||
| 338 | |a volumen |b nc |2 rdasoporte | ||
| 440 | 1 | |a (Jurídica) | |
| 440 | 1 | |a (Panorama del Derecho Mexicano) | |
| 649 | |a XX | ||
| 650 | |a Derecho Laboral - |z México | ||
| 650 | |a Derecho Sindical - |z México | ||
| 650 | |a Derecho Público - |z México | ||
| 910 | |a Fondo General | ||
| 920 | |a Impresos - Libros | ||
| 930 | |a Colección General | ||
| 905 | |a 101 | ||
| 901 | |a 0500024613 |b IT1 |c ACC |u 20250521 | ||
| 902 | |a https://opac.biblio.iteso.mx/vufind/Record/000068760 | ||